000
00255 a2200121 4500
001
3040
082
_a
627.1 CHO
090
_c
2325
_d
2325
100
_a
Chow
245
_a
Open channel hydraulics
260
_a
NY
_b
Mc Graw hill
_c
1959
300
_a
680 p.
942
_a
NUST-CAE
_k
627.1 CHO
999
_c
238113
_d
238113